[Event "Moscow Tal Memorial 1st"]
[Site "Moscow"]
[Date "2006.11.06"]
[Round "1"]
[White "Carlsen, Magnus"]
[Black "Gelfand, Boris"]
[Result "0-1"]
[WhiteElo "2698"]
[BlackElo "2733"]
[Annotator "Rogozenco,D"]
[PlyCount "76"]
[EventDate "2006.11.06"]
[EventType "tourn"]
[EventRounds "9"]
[EventCountry "RUS"]
[EventCategory "20"]
[SourceTitle "CBM 116"]
[Source "ChessBase"]
[SourceDate "2007.02.01"]
[SourceVersion "1"]
[SourceVersionDate "2007.02.01"]
[SourceQuality "1"]

1. d4 d5 2. c4 c6 3. Nc3 Nf6 4. Nf3 dxc4 5. a4 Bf5 6. Nh4 Bg4 7. h3 Bh5 8. g4
Bg6 9. Nxg6 hxg6 10. e3 e6 11. Bxc4 Bb4 12. Bf1 $2 $146 {The strange thing
about this bad novelty is that Carlsen has played the position twice before.
Generally in my opinion this opening variation looks healthy for Black - a
good development and White already has created weaknesses.} (12. Qf3 $13) (12.
Bd2 Nbd7 13. g5 Nd5 14. e4 N5b6 15. Bb3 a5 16. Qe2 c5 (16... e5 17. dxe5 Nxe5
18. O-O-O Nd3+ 19. Kb1 Nc5 20. Nb5 $1 Nxb3 21. Bxb4 axb4 22. Rxd8+ Rxd8 23.
Nc7+ $2 (23. Rd1 $1 O-O 24. Nd6 $16) 23... Ke7 24. Qc2 Nc4 $1 $132 {0-1
Carlsen,M (2385)-Andriasian,Z (2311)/Budva 2003 (34)}) 17. d5 c4 18. Bxc4 Nxc4
19. Qxc4 O-O 20. O-O-O Rc8 21. Qe2 exd5 22. Kb1 Bxc3 $6 (22... dxe4 23. Nxe4
Qc7 24. Bxb4 axb4 25. Nd6 Ra8 $11) (22... Qc7 23. exd5 Nb6 $11 {(P. Nielsen)})
23. Bxc3 Nc5 24. Rxd5 Qe8 25. f3 $14 {1-0 Carlsen,M (2552)-Nielsen,P (2628)/
Malmo/Copenhagen 2004 (40)}) 12... Qd5 $1 {Taking advantage of Black's
considerable lead in development. White is forced to create more weaknesses in
his own camp.} 13. f3 {Making such a move means that most likely White will
have to advance soon the pawn further.} Qa5 14. Bg2 c5 $1 {Possibly Carlsen
expected Black to take the pawn immediately, after which White will have
compensation. But Gelfand first completes development and only then takes the
pawn, when White won't be able to create anything in return.} (14... Bxc3+ 15.
bxc3 Qxc3+ 16. Bd2 Qc4 17. Rb1 b6 18. f4 $44) (14... Nd5 15. O-O Nxc3 16. bxc3
Bxc3 17. Rb1 Bb4 (17... b6 18. Ba3 (18. f4 O-O 19. Ba3 Rd8 20. Qc2 $44) 18...
Bd2 19. Rb3 Qxa4 20. Qb1 $44) 18. Qb3 Na6 19. f4 $44) 15. dxc5 Nc6 16. O-O O-O
17. f4 ({White had to prevent other weaknesses by} 17. Bd2 Rfd8 18. Qe2 {
with good chances to equalize later on.}) 17... Qxc5 18. g5 $2 {Certainly not
Carlsen's best game. His move backwards 12.Bf1 was bad, now a move forwards is
even worse, only helping Black to further improve the position.} ({He could
still be in the game with} 18. Qe2 {For instance:} Bxc3 (18... Rfd8 19. Bd2 $15
{/=}) 19. bxc3 Qxc3 20. Bb2 Qa5 21. f5 {with activity for the pawn, probably
enough to hold the balance thanks to very strong bishops.}) 18... Rfd8 19. Qe2
Bxc3 $1 20. bxc3 Nd5 {Now Black has a large advantage. White cannot prevent a
loss of a pawn.} 21. Qb5 (21. Bd2 Na5 $17 {[%csl Rc3,Rd2,Re3][%cal Ga5c4,Ga5b3]
}) (21. c4 Nc3 22. Qc2 Qxc4 {[%cal Gc3e2]} 23. Kh2 Nb4 $19) 21... Qxc3 22. Rb1
(22. Ra3 Qc2 $17 23. Qxb7 $140 $2 Rab8 24. Qa6 Ndb4 $19 {catching the queen.})
22... Ndb4 23. Qe2 Rac8 24. Be4 Na5 25. Bb2 Qc4 $17 26. Qg2 Nb3 {The
conversion of the huge advantage is a matter of style and possibly mood.
Gelfand decides to return the extra pawn and activate all his pieces to their
maximum.} (26... Nd5 $17) 27. Bxb7 Rd2 28. Qf3 ({Tougher is} 28. Qg3 {with
some interesting tactical ideas:} Rcd8 (28... Rc7 $142 29. Bh1 Nd3 $17) 29. f5
Nd3 {(otherwise White could play 30.Qe7} 30. fxg6 Nxb2 (30... fxg6 31. Ba3 $13)
31. gxf7+ Kf8 32. g6 $44) 28... Rcd8 {With such active pieces and an exposed
king on g1, Black's win is out of the question.} 29. Be5 Nc5 30. Rbc1 Nc2 31.
Bc6 a6 {A very rare case when White has problems to find squares for his
light-squared bishop on the long diagonal.} (31... Nb3 $1 32. Rb1 (32. Bb5 Qc5
$19) 32... Nxe3 $1 $19) 32. Rf2 Nb3 33. Rcf1 Nb4 ({Again} 33... Rxf2 34. Rxf2
Nd2 {[%csl Rc6,Re3] wins on the spot}) 34. Qe4 Qxc6 35. Qxb4 Rxf2 36. Rxf2 Qc1+
37. Kg2 Qxe3 38. Qb7 Nd2 0-1

[Event "Moscow Tal Memorial 1st"]
[Site "Moscow"]
[Date "2006.11.07"]
[Round "2"]
[White "Morozevich, Alexander"]
[Black "Carlsen, Magnus"]
[Result "1/2-1/2"]
[WhiteElo "2747"]
[BlackElo "2698"]
[Annotator "Rogozenco,D"]
[PlyCount "92"]
[EventDate "2006.11.06"]
[EventType "tourn"]
[EventRounds "9"]
[EventCountry "RUS"]
[EventCategory "20"]
[SourceTitle "CBM 116"]
[Source "ChessBase"]
[SourceDate "2007.02.01"]
[SourceVersion "1"]
[SourceVersionDate "2007.02.01"]
[SourceQuality "1"]

1. e4 c5 2. Nf3 Nc6 3. d4 cxd4 4. Nxd4 Nf6 5. Nc3 e5 6. Ndb5 d6 7. Bg5 a6 8.
Na3 b5 9. Nd5 Be7 10. Nxe7 Nxe7 11. Bd3 {Played by Anand once long ago (well,
the Indian GM tried virtually everything against Sveshnikov Sicilian), this
variation gained popularity lately among several young and strong GMs. I can
mention Naiditsch, Timofeev and Areshchenko.} Nd7 {Carlsen has his own view on
the position. Usually Black starts with 11...Bb7. Another option is 11...d5.}
12. c4 $146 {Morozevich goes a new way already. In this variation White
usually first blockades opponent's pawn on b5 (with b2-b4) and only then plays
c2-c4.} ({Although Carlsen's previous experience had a happy end, his position
in that game was highly suspicious, to say the least:} 12. O-O Nc5 13. b4 Nxd3
14. Qxd3 f6 15. Be3 d5 16. Bc5 dxe4 (16... d4 17. f4 O-O 18. fxe5 fxe5 19.
Rxf8+ Qxf8 20. Qg3 $16) (16... Be6 17. f4 $5 exf4 18. Rae1 d4 19. e5 $36) 17.
Qxe4 Qd5 18. Qe2 $1 (18. Qxd5 Nxd5 19. c4 $14) 18... Bb7 (18... Ng6 19. f4 $1
$16) 19. f3 Ng6 20. Rfd1 Nf4 21. Qf1 Qe6 22. c4 Kf7 (22... bxc4 $2 23. Nxc4 $18
) 23. Rd6 Qf5 24. cxb5 axb5 25. Nxb5 Kg6 (25... Ba6 26. Qc4+ Kg6 27. a4 $16)
26. Rd2 Rhd8 27. Rxd8 Rxd8 28. Nd6 Rxd6 (28... Qd7 29. a4 $18) 29. Bxd6 Qg5 30.
Kh1 h5 31. Bc5 $2 (31. a4 h4 32. h3 Qg3 33. Ra3 $18) 31... e4 32. Be3 $4 ({
After} 32. a4 {[%cal Ga1a3] with the idea Ra3. White still should be winning.})
32... exf3 33. gxf3 Qg4 $1 {0-1 Naiditsch,A (2657)-Carlsen,M (2625)/Wijk aan
Zee 2006}) (12. b4 $5 h6 (12... O-O 13. O-O Nb6 14. c4 f6 15. Be3 Nxc4 16. Nxc4
bxc4 17. Bxc4+ Kh8 18. f3 $16 {1-0 Varga,Z (2540)-Pal,P (2285)/Zalakaros 1996 
(32)}) 13. Be3 d5 14. exd5 Nxd5 15. Qf3 N7f6 (15... Bb7 $142 $13) 16. Bc5 Bg4
17. Qg3 Nf4 18. h3 Bh5 19. Nxb5 $1 Nxd3+ 20. cxd3 axb5 21. Qxe5+ Kd7 22. Qd6+
Kc8 23. Qc6+ Qc7 24. Qxa8+ Kd7 25. Qa7 $18 {1/2-1/2 Gurevich,I (2495)-Vaisser,
A (2565)/London 1991 (58)}) 12... b4 13. Nc2 a5 {A similar pawn structure
arises in the variation 10.Bxf6 Bxf6 11.c4 b4 12.Nc2 a5, which was actually
played by Morozevich before as well (versus Leko in San Luis 2005). The
difference is that here White has the dark-squared bishop instead of the
knight on d5 and Black has a knight instead of the dark-squared bishop. This
is not a problem for Black, since in the mentioned variation he is often happy
to exchange his bishop for one of the opponent's knights. On the other hand
White has the bishop pair here and Morozevich shows that this is an important
factor. Black should play accurately in order to keep the equality.} 14. Ne3 f6
15. Bh4 O-O 16. O-O Nc5 17. f3 Be6 18. Re1 Qb8 {The pawn formation is of such
a nature that it is difficult for either side to make real progress without
creating severe weaknesses in their own positions.} 19. Bf1 Kh8 20. Re2 Rc8 21.
Rd2 Ra6 {The only weakness on d6 is well protected. Morozevich finds a way to
put some more pressure on Black's position, though.} 22. Rc1 Rac6 23. Bf2 Bf7
24. Nd5 $1 Nxd5 (24... Qb7 {allows White to activate his pieces:} 25. Bxc5 $5
dxc5 (25... Rxc5 26. Nxe7 Qxe7 27. Rxd6 $16) 26. Nxe7 Qxe7 27. Rd7 {and
although after} Qe8 {this might be not so dangerous for Black, it looks pretty
scary to play like that.}) 25. cxd5 ({After} 25. exd5 $6 R6c7 {Black has
blockaded opponent's queenside pawn majority and later he can concentrate on
making progress on the other side. It is White here who must hold the balance.}
) 25... R6c7 26. Rdc2 $14 Be8 27. b3 Bd7 28. g4 $5 {With the open c-file
White's actions on the kingside can hardly create serious problems for Black
now, but nevertheless this is the only attempt to make some progress. Later
White can choose the right moment to combine plans on both wings.} Kg8 29. Qe2
{Now Black will have to reckon always with the exchange on c5 followed by Qa6.}
({Deserved attention also} 29. Bc4 {trying to avoid exchanges on the c-file
for the moment.}) 29... Nb7 {This is a somewhat unexpected decision, allowing
White to penetrate with the queen. However, Carlsen shows a very concrete
approach - the Norwegian considers that Black will have everything well
protected and White won't be ableto achieve anything even after the activation
of his queen.} (29... Qb7 $142 $14 {[%csl Ra6] /=}) 30. Rxc7 Rxc7 31. Rxc7 Qxc7
32. Qa6 Nc5 33. Qa8+ Kf7 34. h4 h6 35. Bc4 ({After} 35. Qh8 a4 36. bxa4 Nxa4
37. g5 hxg5 38. hxg5 fxg5 39. Qh5+ Kf8 40. Qxg5 (40. Qh8+ Kf7 41. Qh5+ $11)
40... Nc3 {Black creates counterplay on the queenside.}) 35... Be8 {Locking
the queen on a8. White cannot release it easily, because the exchange on c5
obviously favours Black. However, Morozevich still has resources to fight.} 36.
Be3 Ke7 37. g5 hxg5 38. hxg5 Kf7 39. Kg2 {This position will soon occur in the
game again.} Ke7 40. Kg3 {The march of the king forwards brings nothing.} Kf7
41. Kg4 Ke7 42. Kh4 Kf7 43. Kh3 Ke7 44. Kg2 Kf7 {Second time, only that now it
is White to move.} 45. Bd2 ({White had to try} 45. g6+ Ke7 $8 46. Bb5 (46. Bf1
Bxg6 47. Qg8 Bf7 48. Qxg7 Qc8 49. Bc4 Nd7 $11 {[%cal Gc8g8]} (49... Qg8 $2 50.
Qxg8 Bxg8 51. Bxc5 dxc5 52. d6+ $18)) 46... Bxg6 (46... Bxb5 47. Qg8 Be8 48.
Qxg7+ Kd8 49. Qh8 $18 {[%cal Gg6g7]}) 47. Qg8 Bf7 48. Qxg7 Qc8 (48... Qb8 $2
49. Bxc5 $1 dxc5 (49... Qxb5 50. Bxd6+ Kxd6 51. Qxf6+ $18) 50. Bc4 Qd6 51. Kf2
{and Black is close to zugzwang:} Ke8 52. Bb5+ Ke7 53. Ke1 Qd8 54. d6+ Qxd6 55.
Bc4 $18) 49. Kf2 Qg8 50. Qh6 {and Black still must work before reaching the
draw. Possibly Morozevich wanted to postpone his decision to complicate the
position, eventually to bring the king on f2 first. But an unexpected thing
happened...}) 45... Qb6 46. Be3 Qc7 {and Carlsen claimed the threefold
repetition, wrongly accepted by the chief arbiter Geurt Gijssen. Morozevich
signed the scoresheets and left the playing area. Soon it was discovered that
the arbiter shouldn't have accepted Carlsen's claim, since in the first case 
(after 39.Kg2) it was Black's turn to move. Carlsen agreed to continue the
game. However, Morozevich wasn't there anymore and later didn't want to resume
the game... It is clear that the normal course of the battle was broken, even
if the result would have been a draw anyway.} 1/2-1/2

[Event "Moscow Tal Memorial 1st"]
[Site "Moscow"]
[Date "2006.11.12"]
[Round "6"]
[White "Aronian, Levon"]
[Black "Carlsen, Magnus"]
[Result "1-0"]
[WhiteElo "2741"]
[BlackElo "2698"]
[PlyCount "147"]
[EventDate "2006.11.06"]
[EventType "tourn"]
[EventRounds "9"]
[EventCountry "RUS"]
[EventCategory "20"]
[SourceTitle "CBM 116"]
[Source "ChessBase"]
[SourceDate "2007.02.01"]
[SourceVersion "1"]
[SourceVersionDate "2007.02.01"]
[SourceQuality "1"]

1. d4 Nf6 2. c4 e6 3. Nf3 b6 4. g3 Ba6 5. Qc2 Nc6 6. Nbd2 d5 7. cxd5 Qxd5 8. e4
Nb4 9. Qa4+ Qd7 10. Qxd7+ Nxd7 11. Bxa6 Nxa6 12. O-O Nf6 13. a3 c5 14. Re1 Be7
15. Ne5 Rc8 16. b4 cxd4 17. Ndf3 Nb8 18. Nxd4 Nfd7 19. Nef3 O-O 20. Bf4 Nc6 21.
Rac1 Nxd4 22. Nxd4 g5 23. Nc6 Rxc6 24. Rxc6 gxf4 25. Rc7 Ne5 26. Rxe7 Nf3+ 27.
Kf1 Nxe1 28. Kxe1 a5 29. Rb7 axb4 30. axb4 Rd8 31. f3 Rd3 32. Ke2 Rb3 33. Rxb6
Rb2+ 34. Kd3 Rxh2 35. gxf4 h5 36. Rb5 h4 37. Rh5 h3 38. Kd4 Kf8 39. Ke5 Ke7 40.
f5 exf5 41. Kxf5 Rb2 42. Rxh3 Rxb4 43. f4 Rb5+ 44. e5 Kf8 45. Rd3 Rb4 46. Kg5
Kg7 47. Rd7 Rb5 48. Kg4 Kf8 49. Kf5 Kg7 50. Ke4 Rb4+ 51. Rd4 Rb1 52. Rd7 Re1+
53. Kd5 Rd1+ 54. Kc6 Rf1 55. Rd4 Kf8 56. Kd7 Rf2 57. Kd6 Rf1 58. Kd5 Ke7 59.
Ra4 f6 60. Ra7+ Kf8 61. Kd6 fxe5 62. Ra8+ Kf7 63. Ra7+ Kf8 64. fxe5 Rd1+ 65.
Ke6 Re1 66. Rf7+ Ke8 67. Rh7 Kf8 68. Rh8+ Kg7 69. Rd8 Ra1 70. Ke7 Ra5 71. e6
Ra7+ 72. Rd7 Ra8 73. Rd6 {[%mdl 4096]} Ra7+ $2 {[%mdl 8192]} (73... Kg6 $11)
74. Ke8 1-0

[Event "Moscow Tal Memorial 1st"]
[Site "Moscow"]
[Date "2006.11.14"]
[Round "7"]
[White "Carlsen, Magnus"]
[Black "Leko, Peter"]
[Result "1/2-1/2"]
[WhiteElo "2698"]
[BlackElo "2741"]
[Annotator "Krasenkow,M"]
[PlyCount "110"]
[EventDate "2006.11.06"]
[EventType "tourn"]
[EventRounds "9"]
[EventCountry "RUS"]
[EventCategory "20"]
[SourceTitle "CBM 116"]
[Source "ChessBase"]
[SourceDate "2007.02.01"]
[SourceVersion "1"]
[SourceVersionDate "2007.02.01"]
[SourceQuality "1"]

1. d4 Nf6 2. c4 e6 3. Nc3 Bb4 4. g3 c5 5. Nf3 cxd4 6. Nxd4 O-O 7. Bg2 d5 8.
cxd5 Nxd5 9. Qb3 Qa5 10. Bd2 Nc6 11. Nxc6 bxc6 12. O-O Bxc3 13. bxc3 Ba6 14.
Rfd1 Qc5 15. e4 Bc4 {This line was examined in CBM 106 by GM V.Gavrikov 
(annots to Bacrot-Grischuk).} 16. Qc2 $146 (16. Qa4 {is usually played. Here
is the latest example:} Nb6 17. Qb4 Qh5 18. Bf4 e5 $1 $146 19. Be3 Be2 20. Re1
Nc4 21. Qc5 Rfd8 22. Rab1 h6 23. h3 Nxe3 24. Qxe3 Bc4 25. a4 a5 26. Qc5 Be6 $11
{0-1 Najer,E-Jakovenko,D/Moscow RUS 2006/The Week in Chess 631 (50)}) 16... Nb6
17. Bf4 {White provokes ...e6-e5 to clarify the situation and open the h3-c8
diagonal for his bishop. However,} (17. Be3 $5 {was probably better. If} Qa5 (
17... Qa3 18. Bf4 $5) {then} 18. Qb2 {[%cal Yb2b4]}) 17... e5 18. Be3 Qa3 19.
Bh3 Rab8 20. Qc1 Qxc1 21. Rdxc1 Bd3 22. f3 Rb7 23. Rd1 Bc2 24. Rdc1 Bd3 25. Rd1
Bc2 26. Re1 $2 {White has absolutely no grounds to play for a win.} (26. Rdc1
$11) 26... Nc4 27. Bc5 Rd8 $15 {[%csl Gc4][%cal Gd8d2,Gb7b2]} 28. Bf1 Nd2 29.
Bg2 a5 30. Re2 Bb1 31. Re1 Bc2 32. Re2 Bb1 33. Re1 h6 34. Ba3 {it is not easy
to find a move for White!} (34. Be3 Rb2 $15) 34... Rd3 {Black has created a
strong pressure but it is still difficult to break down White's position.} 35.
Rc1 Rd8 (35... Rxf3 $5 36. Bxf3 Nxf3+ 37. Kf2 Bxe4 $15 {Kasparov}) 36. Re1 Bc2
37. Bc1 (37. Re2 Nb1 $1 $17) 37... Nb1 38. c4 Rd4 (38... Bd3 $1 39. Rd1 (39. c5
Nc3 $17) 39... Nc3 40. Rd2 Ne2+ 41. Kf2 Nxc1 42. Rxc1 Rd4 $17 {Jakovenko}) 39.
c5 a4 40. Bf1 a3 41. Re3 Ra7 $6 {Too passive. After this move White gets a
drawish endgame with opposite-coloured bishops.} (41... Rd1 $5 42. Bxa3 Ba4 {
Dvoretzky} 43. Kf2 Rd2+ 44. Kg1 {Emelin} g5 $5 $36 {[%cal Yh6h5,Yh5h4]}) 42.
Re2 Bd3 43. Re3 Bxf1 44. Rxb1 Rd1 45. Kf2 Bd3 46. Rb8+ Kh7 47. Re1 Rxe1 48.
Kxe1 Bc4 49. Rd8 Ra5 50. Rd2 f6 51. Rc2 Be6 52. Kd2 g5 53. Rc3 Kg6 54. Rxa3
Rxa3 55. Bxa3 Bxa2 1/2-1/2

[Event "Corus"]
[Site "Wijk aan Zee"]
[Date "2007.01.15"]
[Round "3"]
[White "Ponomariov, Ruslan"]
[Black "Carlsen, Magnus"]
[Result "1-0"]
[WhiteElo "2723"]
[BlackElo "2690"]
[Annotator "Rogozenco,D"]
[PlyCount "59"]
[EventDate "2007.01.13"]
[EventType "tourn"]
[EventRounds "13"]
[EventCountry "NED"]
[EventCategory "19"]
[SourceTitle "CBM 117"]
[Source "ChessBase"]
[SourceDate "2007.03.30"]
[SourceVersion "1"]
[SourceVersionDate "2007.03.30"]
[SourceQuality "1"]

1. d4 d5 2. c4 c6 3. Nc3 Nf6 4. e3 a6 5. Nf3 Bf5 6. Ne5 ({Another critical
test for Black's quite dubious opening set-up is} 6. Qb3 b5 7. cxd5 cxd5 8. a4
b4 9. Qxb4 Nc6 10. Qc5 Na5 11. Bxa6 Rxa6 12. Qb5+ Rc6 13. Ne5 Bd7 14. Nxd7 Nxd7
15. Bd2 Rc8 16. Nxd5 Nc4 17. Rc1 Nd6 18. Rxc8 Qxc8 19. Qa6 $1 Qxa6 20. Nc7+ Kd8
21. Nxa6 {The game 1-0 Radziewicz,I (2421)-Kononenko,T (2417)/Ekaterinburg
2006 (48) showed that Black is struggling in this endgame.}) 6... h6 (6... e6 {
runs into} 7. g4 Bg6 8. h4 $16) ({Perhaps instead Black should develop a piece
with} 6... Nbd7 {although his position looks pretty shaky anyway, in spite of
the draw in the following game:} 7. Qb3 Qc7 8. cxd5 Nxe5 9. dxe5 Nxd5 10. Nxd5
cxd5 11. Bd2 e6 12. Rc1 Qd7 13. Be2 (13. Qb6 Rc8 14. Rxc8+ Qxc8 15. Be2 Bc5 $1)
13... Be7 14. Qb6 Bd8 (14... Rc8 15. Rxc8+ Qxc8 16. O-O $36) 15. Qb4 Be7 16.
Qa5 Rc8 (16... Bd8 17. Qa3 Be7 18. Bb4 Bxb4+ 19. Qxb4 $16) 17. Rxc8+ Qxc8 18.
O-O Bd8 19. Qa3 f6 20. Rc1 Qd7 21. exf6 gxf6 $14 22. Ba5 Kf7 23. Bxd8 {1/2-1/2
Gelfand,B (2723)-Svidler,P (2765)/Monte Carlo (rapid) 2006}) 7. Qb3 Ra7 (7...
b5 8. cxd5 cxd5 9. a4 $16) 8. cxd5 cxd5 9. Bd2 e6 10. Rc1 Nbd7 (10... Bd6 11.
Qa4+ Nbd7 12. Nb5 $18) (10... Be7 11. Qa4+ Nbd7 12. Nb5 $18) 11. Bb5 (11. Nxd7
Nxd7 12. Ne2 Nb8 13. Nf4 Bd6 14. Bb4 Bxb4+ 15. Qxb4 Nc6 16. Qc5 Ra8 $11 {
0-1 Radjabov,T (2610)-Morozevich,A (2716)/Moscow 2002 (34)}) (11. Na4 Be7 (
11... Nxe5 12. dxe5 Nd7 13. Nb6 $1 Nxb6 (13... Qxb6 14. Rc8+ Ke7 15. Bb4+ $18)
14. Ba5 $16 {1-0 Kachiani Gersinska,K (2444)-Ionescu Brandis,I (2366)/Istanbul
2003 (36)}) (11... b5 12. Nc6 $1 bxa4 13. Qd1 Qb6 14. Nxa7 Qxa7 15. Rc8+ Ke7
16. Bb4+ $18)) (11. Qa4 Ra8 $1 {brings White nothing.}) 11... Bd6 (11... Be7
12. Bxd7+ Nxd7 13. Nxd7 Qxd7 14. Na4 Qb5 15. Nb6 Qxb3 16. axb3 a5 17. Nc8 Ra6
18. Nxe7 Kxe7 19. Rc7+ Kf6 20. Rxb7 a4 21. bxa4 Rxa4 22. Ke2 $16 {1-0 Pert,N 
(2503)-Tippleston,C (2203)/Swansea 2006 (50)}) 12. Nxd7 Nxd7 13. Bxd7+ Qxd7 $2
$146 {A bad novelty. It remains a mystery whether Carlsen tries to improve
over the existing theory, or he simply didn't know the variation. Considering
the fact that the theory of this line is based on a game of PH Nielsen, who is
Carlsen's coach, it would be very surprising for Magnus to know nothing about
it. In any case 12...Qxd7 is a result of a superficial homework, since now
White achieves a large advantage by force.} (13... Kxd7 14. Na4 b5 15. Nc5+ Ke7
{should be better for White, but things aren't simple and this is definitely
preferable to 12...Qxd7.} 16. f3 (16. a4 $5 Qb8 17. a5 $1 Rc8 18. Bb4 Kf8 19.
Kd2 Kg8 20. Nd3 Bxb4+ 21. Nxb4 Rxc1 22. Rxc1 Qxh2 23. e4 $1 Bxe4 24. Qg3 Qh5
25. f3 Bf5 26. Qf4 $44 {[%csl Ra6] 1-0 Vaganian,R (2653)-Frolov,D (2418)/
Togliatti 2003 (36)}) 16... Re8 17. e4 dxe4 18. fxe4 Bg6 19. e5 Bxc5 20. Bb4
Kd7 21. Bxc5 Qh4+ 22. g3 Qe4+ 23. Kf2 Qf5+ 24. Qf3 {1/2-1/2 Nielsen,P (2625)
-Hansen,S (2537)/Malmo 2003. It would have been interesting to see where
Ponomariov would have improved White's play here.}) 14. Na4 $1 O-O (14... Bc7
15. Nb6 Qd8 16. Qa4+ Ke7 17. Ba5 Bxb6 18. Qb4+ Qd6 19. Qxb6 Qxb6 20. Bxb6 Raa8
21. Rc7+ Kf6 22. Kd2 {The endgame looks very difficult for Black:} Rhc8 23.
Rhc1 Rxc7 24. Rxc7 Rb8 25. b4 (25. Ba7 Re8 $1 26. Rxb7 Re7 $11) (25. Kc3 $5 $16
{[%cal Gc3b4,Gb4a5,Yb6a7,Ra2a4,Ga5b6]}) 25... g5 26. a4 h5 27. Kc3 {leads to a
probably lost endgame for Black:} (27. a5 g4 28. b5 axb5 29. Ba7 Ra8 $1 (29...
Re8 $2 30. Rxb7 Re7 31. a6 $18) 30. Rxb7 b4) 27... Be4 28. f3 Bf5 29. b5 axb5
30. axb5 Ra8 31. Rxb7 {and White should be winning.}) (14... b5 15. Nb6 $18 {
[%cal Gc1c8]}) 15. Nb6 Qd8 16. Nc8 $1 {Possibly Magnus simply missed this.
White wins material.} ({After} 16. O-O a5 $1 (16... Bc7 17. Ba5 Qd6 18. g3 {
still requires accuracy from Black} (18. Rc3 {would be a mistake due to the
unexpected} Qxh2# {A very rare mate for the Slav Defense indeed...})) 17. Nc8 (
17. Qb5 Bd3 $1 18. Qxd3 Qxb6 $11) (17. h3 Bc7 $15) 17... Ra8 18. Nxd6 Qxd6 {
White's advantage disappears}) 16... Qxc8 (16... Ra8 17. Nxd6 Qxd6 18. Bb4 $18)
17. Rxc8 Rxc8 18. Qb6 $1 ({The quiet} 18. O-O Rc6 19. Rc1 Rxc1+ 20. Bxc1 b5 {
[%cal Ga7c7] allows Black to activate the pieces and reach a perfectly
playable position.}) 18... Bb8 19. O-O Kh7 20. Rc1 $18 {Ponomariov's precise
play leaves Black with no hopes to survive.} Bc2 21. Ba5 Kg6 (21... Rc6 22. Qd8
Ra8 23. Qd7 $18 {[%csl Rb7,Rf7]}) 22. Qb4 Rc4 (22... b5 23. Qd2 $18) 23. Qd2
Bf5 24. Rxc4 dxc4 25. Bb6 Ra8 26. Qe2 e5 ({Black cannot even take his pieces
out, since} 26... Bd6 27. e4 {loses the bishop.}) 27. Qxc4 exd4 (27... Bd6 28.
Qd5 $18) 28. Qxd4 f6 29. f4 Bb1 30. Qd5 1-0